| 000 | 01153nam a22003137a 4500 | ||
|---|---|---|---|
| 999 |
_c28105 _d28076 |
||
| 003 | EG-ScBUE | ||
| 005 | 20200216103737.0 | ||
| 008 | 200216r20172012ii f b 001 0 eng d | ||
| 020 | _a9788123922010 | ||
| 040 |
_aEG-ScBUE _beng _erda _cEG-ScBUE _dEG-ScBUE |
||
| 082 | 0 | 4 |
_a615.4 _bGOY _222 |
| 100 | 1 |
_aGoyal, Amit K, _eauthor. |
|
| 245 | 1 | 0 |
_aTextbook of pharmaceutical dispensing / _cAmit K Goyal, M Pharm, PhD, associate professor, Goutam Rath, M Pharm, PhD, associate professor, RK Narang, M Pharm, PhD, associate professor. |
| 250 | _aReprinted edition. | ||
| 264 | 1 |
_aNew Delhi : _bCBS Publishers & Distributors Pvt Ltd, _c2017. |
|
| 300 |
_a293 pages ; _c24 cm |
||
| 336 |
_2rdacontent _atext _btxt |
||
| 337 |
_2rdamedia _aunmediated _bn |
||
| 338 |
_2rdacarrier _avolume _bnc |
||
| 504 | _aIncludes bibliographical references and index. | ||
| 650 | 7 |
_aMedicine _xFormulae, receipts, prescriptions. _2BUEsh |
|
| 650 | 7 |
_aPharmacy. _2BUEsh |
|
| 653 |
_bPPhrm _cFebruary2020 |
||
| 655 |
_vReading book _934232 |
||
| 700 | 1 |
_aRath, Gautam, _eauthor. _915772 |
|
| 700 | 1 |
_aNarang, R. K, _eauthor. |
|
| 942 |
_2ddc _cBB |
||